| 000 | 00360nam a2200157Ia 4500 | ||
|---|---|---|---|
| 008 | 210210b1949 xxu||||| |||| 00| 0 eng d | ||
| 041 | _aeng | ||
| 082 | _a536/89 | ||
| 100 | _aNIMMO (R R) | ||
| 245 | _aAtomic energy | ||
| 260 |
_aLondon _bChapman & Hall Ltd. _c1949 |
||
| 650 | _aenergy | ||
| 650 | _aAtomic | ||
| 690 | _aModern Physics | ||
| 906 | _a008887 | ||
| 999 |
_c126716 _d126716 |
||